[Event "40th Olympiad Women"]
[Site "Istanbul TUR"]
[Date "2012.09.06"]
[Round "9.31"]
[Board "2"]
[White "Guerrero Rodriguez, Alejandra"]
[Black "Pasku, Roela"]
[Result "1/2-1/2"]
[WhiteTitle "WIM"]
[BlackTitle "WFM"]
[WhiteElo "2072"]
[BlackElo "1915"]
[WhiteTeam "Mexico"]
[BlackTeam "Albania"]
[WhiteFideId "5104297"]
[BlackFideId "4700708"]
[EventDate "2012.08.28"]

1. e4 d6 2. d4 g6 3. Nc3 Bg7 4. Be3 c6 5. Qd2 b5 6. Bd3 Qc7 7. f3 Nf6 8. h4 h5
9. Nh3 Nbd7 10. Ng5 Bb7 11. f4 Ng4 12. e5 b4 13. Nce4 Nb6 14. O-O Nd5 15. Bf2 c5
16. Rae1 dxe5 17. Nxc5 exf4 18. Nge6 Qc6 19. Nxg7+ Kf8 20. Nge6+ fxe6 21. Rxe6
Qc7 22. Rf6+ exf6 23. Ne6+ Kf7 24. Nxc7 Nxc7 25. Qxf4 Nd5 26. Bc4 Rac8 27. Bxd5+
Bxd5 28. Qd2 Rhe8 29. Re1 Rxe1+ 30. Bxe1 Re8 31. Bf2 a5 32. c3 Bc4 33. Qf4 Re7
34. cxb4 axb4 35. b3 Bd5 36. Qd6 Be4 37. Qxb4 Rc7 38. Qe1 f5 39. Be3 Rc2 40. Bd2
Rxa2 41. b4 Rb2 42. Qe2 Nf6 43. Qc4+ Nd5 44. Bh6 Rxg2+ 45. Kf1 Rc2 46. Qb5 Rc7
47. Qb8 Rc2 48. Qf8+ Ke6 49. Qg8+ Kd7 50. Qxg6 Nxb4 51. Qf7+ Kc6 52. Qe8+ Kb6
53. Qb8+ Ka5 54. Bf8 Rc1+ 55. Ke2 Rc2+ 56. Kf1 Rc1+ 57. Kf2 Rc2+ 58. Kg3 Rg2+
59. Kf4 Rg4+ 60. Ke3 Nd5+ 61. Kf2 Rg2+ 62. Ke1 Rg1+ 63. Kf2 Rg2+ 64. Ke1 1/2-1/2

[Event "40th Olympiad Women"]
[Site "Istanbul TUR"]
[Date "2012.09.06"]
[Round "9.31"]
[Board "3"]
[White "Driza, Arta"]
[Black "Mendoza Velazquez, Lorena Alejan"]
[Result "1/2-1/2"]
[WhiteTitle "WCM"]
[BlackTitle "WIM"]
[WhiteElo "1943"]
[BlackElo "1993"]
[WhiteTeam "Albania"]
[BlackTeam "Mexico"]
[WhiteFideId "4700694"]
[BlackFideId "5101794"]
[EventDate "2012.08.28"]

1. e4 c5 2. Nf3 d6 3. d4 cxd4 4. Nxd4 Nf6 5. Nc3 g6 6. Be2 Bg7 7. O-O O-O 8. Nb3
Nc6 9. f4 Bd7 10. Bf3 Rc8 11. Nd5 Nxd5 12. exd5 Na5 13. c3 Ba4 14. Be3 a6 15.
Bf2 Bf6 16. Re1 b5 17. Qe2 Nxb3 18. axb3 Bxb3 19. Rxa6 Bc4 20. Qd2 b4 21. Ra7
bxc3 22. bxc3 Ra8 23. Rea1 Rxa7 24. Rxa7 Qb8 25. g4 Qb1+ 26. Kg2 g5 27. Be2 gxf4
28. Bxc4 Qe4+ 29. Kg1 Qxc4 30. Bd4 Qxd5 31. Qxf4 Bxd4+ 32. cxd4 Rb8 33. Rxe7
Rb1+ 34. Kf2 Rb2+ 35. Re2 Rxe2+ 36. Kxe2 1/2-1/2

[Event "40th Olympiad Women"]
[Site "Istanbul TUR"]
[Date "2012.09.06"]
[Round "9.31"]
[Board "4"]
[White "Vazquez Flores, Janet Sarai"]
[Black "Kerciku, Suzana"]
[Result "1-0"]
[WhiteElo "1937"]
[BlackElo "1521"]
[WhiteTeam "Mexico"]
[BlackTeam "Albania"]
[WhiteFideId "5117810"]
[BlackFideId "4700783"]
[EventDate "2012.08.28"]

1. e4 c5 2. Nc3 Nc6 3. f4 g6 4. Nf3 Bg7 5. Bc4 d6 6. d3 e6 7. O-O Nge7 8. Qe1
O-O 9. f5 exf5 10. Qh4 h5 11. Bg5 Qd7 12. h3 b6 13. Bf6 Bb7 14. Nd5 Nxd5 15.
Bxd5 Rae8 16. Qg5 Bxf6 17. Qxf6 Qe7 18. Qxe7 Rxe7 19. exf5 Nb4 20. Bb3 Bd5 21.
Bxd5 Nxd5 22. fxg6 fxg6 23. a3 Re2 24. Rf2 Rfe8 25. Raf1 Rxf2 26. Kxf2 Nf4 27.
Re1 Rxe1 28. Nxe1 Kf7 29. Ke3 Nd5+ 30. Ke4 Ke6 31. Nf3 Ne7 32. d4 Nf5 33. c3 d5+
34. Kf4 Kf6 35. g4 hxg4 36. hxg4 Nd6 37. g5+ Kf7 38. Ke5 Nf5 39. Kxd5 cxd4 40.
cxd4 Ne3+ 41. Kc6 Nc4 42. d5 Ke7 43. b3 Nxa3 44. d6+ Kd8 45. Ne5 Nc2 46. Nf7+ 1-0

[Event "40th Olympiad Women"]
[Site "Istanbul TUR"]
[Date "2012.09.06"]
[Round "9.32"]
[Board "3"]
[White "Fredericia, Louise"]
[Black "Chandrasiri, S A K"]
[Result "1-0"]
[WhiteTitle "WFM"]
[WhiteElo "2091"]
[BlackElo "1731"]
[WhiteTeam "Denmark"]
[BlackTeam "Sri Lanka"]
[WhiteFideId "1404113"]
[BlackFideId "9905049"]
[EventDate "2012.08.28"]

1. e4 c5 2. d3 d6 3. g3 g6 4. Bg2 Bg7 5. f4 Nf6 6. Nf3 O-O 7. O-O Nc6 8. c3 e5
9. Kh1 exf4 10. gxf4 Qe7 11. c4 a6 12. Nc3 Bg4 13. Qe1 Nb4 14. Qd2 Rad8 15. Ne1
Nc6 16. Nc2 Qe6 17. Qf2 Bh3 18. f5 Bxg2+ 19. Qxg2 Qd7 20. Bg5 Rde8 21. Ne3 Ne5
22. Bxf6 Bxf6 23. Ncd5 Bh8 24. f6 h5 25. Nf5 Kh7 26. Qg5 gxf5 27. Qxh5+ Kg8 28.
Rg1+ Ng6 29. exf5 Re5 30. Ne7+ Rxe7 31. fxg6 fxg6 32. Rxg6+ Bg7 33. fxe7 Qxe7
34. Rag1 Rf7 35. Rh6 1-0

[Event "40th Olympiad Women"]
[Site "Istanbul TUR"]
[Date "2012.09.06"]
[Round "9.32"]
[Board "4"]
[White "Basnayake, I U"]
[Black "Jorgensen, Carina Eilegaard"]
[Result "0-1"]
[WhiteElo "1788"]
[BlackElo "2012"]
[WhiteTeam "Sri Lanka"]
[BlackTeam "Denmark"]
[WhiteFideId "9901698"]
[BlackFideId "1419897"]
[EventDate "2012.08.28"]

1. e4 d6 2. d4 Nf6 3. Nc3 g6 4. f3 a6 5. Be3 b5 6. a3 Nbd7 7. Qd2 Bb7 8. Nge2
Nb6 9. b3 c6 10. g4 Qc7 11. Ng3 a5 12. d5 b4 13. axb4 axb4 14. Rxa8+ Bxa8 15.
Nd1 cxd5 16. Qxb4 Nfd7 17. Bb5 Nc8 18. Qa4 Bb7 19. exd5 Bxd5 20. Bxd7+ Qxd7 21.
Qd4 Bxf3 22. Qxh8 Bxh1 23. Nxh1 Qxg4 24. Qc3 Kd7 25. Ng3 e5 26. Qd3 Ne7 27. Ne4
Ng8 28. Qb5+ Ke7 29. Qb7+ Qd7 30. Qa6 Bh6 31. Bxh6 Nxh6 32. Ndc3 Ng4 33. Nd5+
Kf8 34. h3 Qf5 35. Qxd6+ Kg7 36. Ndc3 Nh2 37. Qd3 Nf3+ 38. Kd1 Qxh3 39. Kc1 h5
40. Kb2 Qf5 41. Qd5 Nd4 42. Nd6 Qxc2+ 43. Ka3 Qxb3+ 44. Qxb3 Nxb3 45. Kxb3 h4
46. Nde4 f5 47. Nf2 g5 48. Kc2 g4 49. Kd2 Kg6 50. Ke2 Kg5 51. Kf1 g3 52. Nh3+
Kg4 53. Kg2 f4 54. Ne4 f3+ 55. Kh1 Kf5 56. Nd2 e4 57. Ng1 Kf4 58. Nh3+ Ke3 59.
Nf1+ Ke2 60. Kg1 Kd3 61. Nf4+ Kd4 62. Ng6 e3 63. Nxh4 f2+ 64. Kg2 e2 65. Nf3+
Kc5 66. Nxg3 e1=Q 67. Nxe1 fxe1=Q 68. Kf3 Kd5 69. Ne2 Qf1+ 70. Ke3 Qh3+ 71. Kd2
Kc4 72. Nc1 Qc3+ 73. Kd1 Qa1 74. Kc2 Qc3+ 75. Kd1 Qb2 76. Ne2 Kd3 0-1

[Event "40th Olympiad Women"]
[Site "Istanbul TUR"]
[Date "2012.09.06"]
[Round "9.33"]
[Board "1"]
[White "Zepeda, Lorena"]
[Black "Greeff, Melissa"]
[Result "1/2-1/2"]
[WhiteTitle "WIM"]
[BlackTitle "WGM"]
[WhiteElo "2139"]
[BlackElo "2091"]
[WhiteTeam "El Salvador"]
[BlackTeam "South Africa"]
[WhiteFideId "6700233"]
[BlackFideId "14301504"]
[EventDate "2012.08.28"]

1. e4 c5 2. Nf3 e6 3. d4 cxd4 4. Nxd4 a6 5. Bd3 Nf6 6. Be3 e5 7. Nb3 d5 8. N1d2
Nc6 9. O-O Be7 10. Qe2 Be6 11. Rad1 Qc7 12. c3 Rd8 13. Bb1 d4 14. Bg5 dxc3 15.
bxc3 Na5 16. Nxa5 Qxa5 17. c4 O-O 18. h3 h6 19. Be3 b5 20. cxb5 Qxb5 21. Qxb5
axb5 22. Nf3 Nd7 23. Bd3 Rb8 24. Bc2 Rfd8 25. Bb3 Bxb3 26. axb3 f6 27. Rd5 g5
28. Rfd1 Nf8 29. Nh2 Rdc8 30. Ng4 Kg7 31. Rc1 h5 32. Nh2 Rxc1+ 33. Bxc1 Rc8 34.
Bd2 Rd8 35. Rxd8 Bxd8 36. Nf1 Ne6 37. Be3 h4 38. g3 hxg3 39. Nxg3 Kf7 40. Nf5
Bc7 41. h4 gxh4 42. Nxh4 1/2-1/2

[Event "40th Olympiad Women"]
[Site "Istanbul TUR"]
[Date "2012.09.06"]
[Round "9.33"]
[Board "3"]
[White "Avelar, Gabriela"]
[Black "Frick, Denise"]
[Result "1-0"]
[WhiteTitle "WFM"]
[BlackTitle "WIM"]
[WhiteElo "1939"]
[BlackElo "1896"]
[WhiteTeam "El Salvador"]
[BlackTeam "South Africa"]
[WhiteFideId "6700667"]
[BlackFideId "14300818"]
[EventDate "2012.08.28"]

1. e4 c5 2. Nf3 d6 3. d4 cxd4 4. Qxd4 Nc6 5. Bb5 Bd7 6. Bxc6 Bxc6 7. Nc3 e5 8.
Qd3 h6 9. O-O Nf6 10. b3 Be7 11. a4 O-O 12. Ba3 a6 13. Rfd1 Re8 14. Nd2 d5 15.
Bxe7 Rxe7 16. Nxd5 Bxd5 17. Nc4 Nxe4 18. Qxd5 Qxd5 19. Rxd5 f6 20. f3 Ng5 21.
Rad1 Ne6 22. c3 Nf4 23. Rd8+ Rxd8 24. Rxd8+ Kf7 25. Kf2 Rc7 26. a5 Ke7 27. Rd2
Ne6 28. Nb6 Ke8 29. Nd5 Rd7 30. Ke3 Nf4 31. Nxf4 exf4+ 32. Ke2 Rxd2+ 33. Kxd2
Ke7 34. Kd3 f5 35. Kd4 Kd6 36. b4 g5 37. c4 h5 38. h3 h4 39. b5 Kc7 40. Ke5 g4
41. Kxf5 gxh3 42. gxh3 Kd6 43. Kxf4 Kc5 44. Ke5 Kxc4 45. bxa6 bxa6 46. f4 1-0

[Event "40th Olympiad Women"]
[Site "Istanbul TUR"]
[Date "2012.09.06"]
[Round "9.33"]
[Board "4"]
[White "Tlale, Tshepang"]
[Black "Garcia, Alcira"]
[Result "0-1"]
[WhiteTitle "WFM"]
[WhiteElo "1782"]
[BlackElo "1782"]
[WhiteTeam "South Africa"]
[BlackTeam "El Salvador"]
[WhiteFideId "14304503"]
[BlackFideId "6702945"]
[EventDate "2012.08.28"]

1. e4 e5 2. d4 exd4 3. Qxd4 Nc6 4. Qe3 Nf6 5. Nc3 Bb4 6. Bd2 O-O 7. O-O-O Re8 8.
Qg3 Nxe4 9. Nxe4 Rxe4 10. c3 Bf8 11. Bd3 Ra4 12. Nf3 d5 13. Bf4 Bd6 14. Bxd6
Qxd6 15. Qxd6 cxd6 16. Bb1 Be6 17. h3 Rc8 18. b3 Rf4 19. Kb2 Ne5 20. Rd4 Rf6 21.
Bd3 Nc6 22. Bb1 Ra8 23. Rdd1 Rc8 24. Kc1 Rf4 25. Kb2 Ne5 26. Rd4 Rf6 0-1

[Event "40th Olympiad Women"]
[Site "Istanbul TUR"]
[Date "2012.09.06"]
[Round "9.34"]
[Board "1"]
[White "Wafa, Shrook"]
[Black "Peng, Jackie"]
[Result "1/2-1/2"]
[WhiteTitle "WFM"]
[BlackTitle "WCM"]
[WhiteElo "1911"]
[BlackElo "2009"]
[WhiteTeam "Egypt"]
[BlackTeam "Canada"]
[WhiteFideId "10609970"]
[BlackFideId "2609819"]
[EventDate "2012.08.28"]

1. e4 c5 2. Nc3 Nc6 3. g3 g6 4. Bg2 Bg7 5. d3 d6 6. Be3 e5 7. Qd2 Nge7 8. Nge2
Be6 9. f4 Nd4 10. h3 Qd7 11. Nd1 O-O 12. c3 Nxe2 13. Qxe2 Rac8 14. Nf2 d5 15. g4
d4 16. cxd4 exf4 17. Bxf4 Qxd4 18. O-O c4 19. Rad1 Qxb2 20. Rd2 Qb4 21. Qe3 c3
22. Rc2 Qa4 23. Rfc1 Bd4 24. Qe2 Rfd8 25. Be3 Nc6 26. e5 Bxe3 27. Qxe3 Qd4 28.
Qe1 Nxe5 29. Rxc3 Rxc3 30. Qxc3 Qf4 31. Rf1 Nf3+ 32. Bxf3 Qxf3 33. Ne4 Qxd3 34.
Nf6+ Kh8 35. Rc1 Qxc3 36. Rxc3 Kg7 37. Ne4 Bxa2 38. g5 b5 39. Ra3 Bb1 40. Nf6 b4
41. Rxa7 b3 42. Rb7 Bc2 43. Kf2 h6 44. h4 hxg5 45. hxg5 Ra8 46. Kg3 Kf8 47. Kf4
Ra5 48. Nd7+ Ke8 49. Ne5 Ra2 50. Nf3 Kd8 51. Nd4 Kc8 52. Rb5 Kd7 53. Nxb3 Ra4+
54. Ke5 Re4+ 55. Kf6 Rf4+ 56. Kg7 Bxb3 57. Rxb3 Rf5 58. Re3 Kd6 59. Re1 Rxg5 1/2-1/2

[Event "40th Olympiad Women"]
[Site "Istanbul TUR"]
[Date "2012.09.06"]
[Round "9.34"]
[Board "2"]
[White "Orlova, Yelizaveta"]
[Black "Alaa El Din, Yosra"]
[Result "1-0"]
[WhiteTitle "WCM"]
[BlackTitle "WIM"]
[WhiteElo "1947"]
[BlackElo "1819"]
[WhiteTeam "Canada"]
[BlackTeam "Egypt"]
[WhiteFideId "2601826"]
[BlackFideId "10606610"]
[EventDate "2012.08.28"]

1. Nf3 Nf6 2. b3 d6 3. d4 Nbd7 4. Bb2 c6 5. e3 Qc7 6. c4 e5 7. Nc3 Be7 8. Be2
O-O 9. Qc2 Re8 10. Na4 Bf8 11. c5 dxc5 12. dxe5 Nd5 13. a3 b5 14. Nc3 Nxc3 15.
Bxc3 g6 16. a4 b4 17. Bb2 Bg7 18. Ra2 a5 19. h4 Nxe5 20. Qxc5 Nxf3+ 21. Bxf3
Bxb2 22. Rxb2 Bb7 23. Rc2 Re5 24. Qc4 c5 25. Bxb7 Qxb7 26. O-O Rc8 27. Rfc1 h5
28. Qb5 Qc7 29. Rc4 g5 30. Rd1 Qa7 31. Rd7 Rc7 32. Rd8+ Kg7 33. hxg5 Rb7 34. Qc6
Rc7 1-0

[Event "40th Olympiad Women"]
[Site "Istanbul TUR"]
[Date "2012.09.06"]
[Round "9.34"]
[Board "3"]
[White "Wafa, Shahenda"]
[Black "Botez, Alexandra"]
[Result "1/2-1/2"]
[WhiteTitle "WFM"]
[BlackTitle "WCM"]
[WhiteElo "1830"]
[BlackElo "2009"]
[WhiteTeam "Egypt"]
[BlackTeam "Canada"]
[WhiteFideId "10609962"]
[BlackFideId "2603365"]
[EventDate "2012.08.28"]

1. e4 e6 2. d4 d5 3. Nc3 Nf6 4. Bg5 Bb4 5. Ne2 h6 6. Bxf6 Qxf6 7. a3 Bxc3+ 8.
Nxc3 c6 9. e5 Qg5 10. h4 Qe7 11. Qg4 g6 12. Bd3 b6 13. Ne2 Ba6 14. Bxa6 Nxa6 15.
h5 g5 16. f4 O-O-O 17. fxg5 hxg5 18. O-O-O f5 19. exf6 Qxf6 20. Rdf1 Qe7 21. Rf3
Nc7 22. Rhf1 Rh7 23. Rf6 Rg8 24. Ng1 Kb7 25. Nh3 Qe8 26. h6 Rg6 27. Rxg6 Qxg6
28. Qxg5 Rxh6 29. Qxg6 Rxg6 30. Nf4 Rg4 31. Kd2 c5 32. c3 Kc6 33. Ke3 Kb5 34.
Kf3 Rg7 35. g4 Kc4 36. dxc5 e5 37. cxb6 axb6 38. Nh5 Rf7+ 39. Ke2 Rxf1 40. Kxf1
Kb3 41. Nf6 Kxb2 42. g5 d4 43. cxd4 exd4 44. g6 Ne6 45. Nd5 b5 46. Nf4 Ng7 47.
Ke2 Kc2 48. Nd3 Ne6 49. Nb4+ Kc3 50. Kd1 d3 51. Nd5+ Kc4 1/2-1/2

[Event "40th Olympiad Women"]
[Site "Istanbul TUR"]
[Date "2012.09.06"]
[Round "9.35"]
[Board "1"]
[White "Dahdal, Lougain"]
[Black "Sultana, Sharmin Shirin"]
[Result "1-0"]
[WhiteTitle "WIM"]
[WhiteElo "1923"]
[BlackElo "2002"]
[WhiteTeam "Jordan"]
[BlackTeam "Bangladesh"]
[WhiteFideId "8102880"]
[BlackFideId "10204482"]
[EventDate "2012.08.28"]

1. d4 d5 2. c4 c6 3. Nc3 Nf6 4. Nf3 dxc4 5. a4 Bf5 6. Ne5 Nbd7 7. Nxc4 Qc7 8. g3
e5 9. dxe5 Nxe5 10. Bf4 Nfd7 11. Bg2 f6 12. Ne4 Bxe4 13. Bxe4 g5 14. Nxe5 Nxe5
15. Bc1 Bb4+ 16. Kf1 a5 17. Kg2 Qf7 18. h4 g4 19. Qc2 O-O-O 20. Bf4 h5 21. Rhd1
Qe7 22. Rac1 Rxd1 23. Rxd1 Kb8 24. Bf5 Ka8 25. b3 Rf8 26. Be3 Rd8 27. Bb6 Rf8
28. Be3 Rd8 29. Bf4 Rf8 30. Bd2 Kb8 31. Be3 Rd8 32. Rxd8+ Qxd8 33. Bf4 Qd5+ 34.
Be4 Qd4 35. Qd3 Qxd3 36. Bxd3 Kc8 37. Bxe5 fxe5 38. Bg6 b5 39. Bxh5 Kd8 40. Bxg4
bxa4 41. bxa4 Bf8 42. Kf3 Ke7 43. Ke4 Bg7 44. Bf5 Bf6 45. Kd3 Kd6 46. Kc4 Bd8
47. h5 Bg5 48. e3 Bh6 49. f4 Kc7 50. Kd3 Kd6 51. Ke4 exf4 52. exf4 c5 53. g4 Bg7
54. g5 Ke7 55. Kd5 Bd4 56. Bg6 Be3 57. Ke5 Kf8 58. h6 Bd4+ 59. Ke4 Bb2 60. Bf5
Kg8 61. Kf3 c4 62. Be6+ Kh7 63. Bxc4 Bc1 64. Bd3+ Kh8 65. Ke4 1-0

[Event "40th Olympiad Women"]
[Site "Istanbul TUR"]
[Date "2012.09.06"]
[Round "9.35"]
[Board "2"]
[White "Hamid, Rani"]
[Black "Fuad Kamel Jamaliah, Natalie"]
[Result "1-0"]
[WhiteTitle "WIM"]
[BlackTitle "WIM"]
[WhiteElo "1952"]
[BlackElo "1997"]
[WhiteTeam "Bangladesh"]
[BlackTeam "Jordan"]
[WhiteFideId "10200096"]
[BlackFideId "724190"]
[EventDate "2012.08.28"]

1. e4 c5 2. Nf3 d6 3. d4 cxd4 4. Nxd4 Nf6 5. Nc3 a6 6. Be2 e6 7. O-O Be7 8. Be3
Qc7 9. f4 O-O 10. Kh1 b5 11. Bf3 Bb7 12. a3 Nc6 13. Qe1 Nxd4 14. Bxd4 e5 15.
fxe5 dxe5 16. Qg3 Bd6 17. Be3 Kh8 18. Qh4 b4 19. axb4 Bxb4 20. Bg5 Be7 21. Be2
Ng8 22. Bxe7 Qxe7 23. Qxe7 Nxe7 24. Rad1 Bc6 25. Rd6 Rab8 26. b3 a5 27. Bc4 Be8
28. Nd5 Ng6 29. Nc7 f6 30. Ra6 Bf7 31. Nd5 Bxd5 32. Bxd5 Rfc8 33. Bc4 Ra8 34.
Rxa8 Rxa8 35. Rd1 h6 36. Rd7 Kh7 37. g3 Nf8 38. Rc7 a4 39. bxa4 Rxa4 40. Rc8
Ra1+ 41. Kg2 Rc1 42. Bf7 Nd7 43. Be6 Nb6 44. Bf5+ g6 45. Rc7+ Kg8 46. Bxg6 Na4
47. Bf7+ Kf8 48. Bb3 Nb2 49. Rf7+ Ke8 50. Rxf6 Nd1 51. Rxh6 1-0

[Event "40th Olympiad Women"]
[Site "Istanbul TUR"]
[Date "2012.09.06"]
[Round "9.35"]
[Board "3"]
[White "Boshra, Alshaeby"]
[Black "Sultana, Zakia"]
[Result "0-1"]
[WhiteTitle "WFM"]
[BlackTitle "WFM"]
[WhiteElo "1927"]
[BlackElo "1987"]
[WhiteTeam "Jordan"]
[BlackTeam "Bangladesh"]
[WhiteFideId "8102937"]
[BlackFideId "10201220"]
[EventDate "2012.08.28"]

1. e4 e6 2. d4 d5 3. exd5 exd5 4. Bd3 Bd6 5. Ne2 Nf6 6. Bg5 c6 7. c3 Nbd7 8. Nd2
O-O 9. Qc2 h6 10. Bh4 Re8 11. O-O-O c5 12. dxc5 Nxc5 13. Nd4 Nxd3+ 14. Qxd3 Bg4
15. f3 Bd7 16. g4 Bf4 17. Nf5 Bc6 18. Rhg1 Qa5 19. g5 hxg5 20. Bxg5 Bb5 21. Qc2
Be5 22. f4 Bxc3 23. bxc3 Ne4 24. Nb3 Qxc3 25. Rxd5 Rac8 26. Qxc3 Nxc3 27. Rxb5
Nxb5+ 28. Kb2 Re2+ 29. Kb1 Nc3+ 0-1

[Event "40th Olympiad Women"]
[Site "Istanbul TUR"]
[Date "2012.09.06"]
[Round "9.35"]
[Board "4"]
[White "Khan, Nazrana"]
[Black "Alattar, Ghayda M."]
[Result "1-0"]
[BlackTitle "WFM"]
[WhiteElo "2008"]
[BlackElo "1921"]
[WhiteTeam "Bangladesh"]
[BlackTeam "Jordan"]
[WhiteFideId "10201734"]
[BlackFideId "8101531"]
[EventDate "2012.08.28"]

1. d4 d5 2. c4 e5 3. dxe5 d4 4. Nf3 Nc6 5. g3 Nge7 6. Bg5 h6 7. Bxe7 Qxe7 8. Qb3
Qb4+ 9. Nbd2 Qxb3 10. axb3 Bb4 11. Bg2 O-O 12. O-O Re8 13. Nb1 Bf5 14. Na3 a6
15. Rfd1 Rad8 16. Rac1 f6 17. Nh4 Bg4 18. Bd5+ Kh8 19. f3 Bc8 20. Bf7 Nxe5 21.
Bxe8 Rxe8 22. Nc2 Bc5 23. b4 Bf8 24. f4 g5 25. Ng2 Ng6 26. Nxd4 Bxb4 27. e3 Bg4
28. Rf1 Kg7 29. f5 Ne5 30. Ne6+ Kf7 31. Nxc7 Rd8 32. Nd5 Bf8 33. Rf2 Nd3 34.
Rcc2 Nxf2 35. Rxf2 a5 36. Ne1 Bd1 37. Nc2 b5 38. Rd2 Bxc2 39. Rxc2 bxc4 40. Nb6
Rb8 41. Nxc4 Bb4 42. g4 Re8 43. Kf2 Re7 44. Kf3 Rc7 45. Ne5+ fxe5 46. Rxc7+ Kf6
47. Rc6+ Kg7 48. Ke4 Bd2 49. h3 1-0

[Event "40th Olympiad Women"]
[Site "Istanbul TUR"]
[Date "2012.09.06"]
[Round "9.36"]
[Board "1"]
[White "Bjerke, Silje"]
[Black "Colombo, Camila"]
[Result "1-0"]
[WhiteTitle "WIM"]
[BlackTitle "WIM"]
[WhiteElo "2235"]
[BlackElo "2095"]
[WhiteTeam "Norway"]
[BlackTeam "Uruguay"]
[WhiteFideId "1502786"]
[BlackFideId "3001822"]
[EventDate "2012.08.28"]

1. e4 e6 2. d4 d5 3. Nc3 Bb4 4. e5 b6 5. a3 Bf8 6. Bb5+ c6 7. Ba4 a5 8. Nf3 Ba6
9. Ne2 b5 10. Bb3 c5 11. c3 Nc6 12. O-O h5 13. Bc2 c4 14. h4 Nge7 15. Ng5 g6 16.
Nf4 Qb6 17. Qf3 Nd8 18. b3 cxb3 19. Bxb3 a4 20. Bc2 Qc6 21. Ne4 Nf5 22. Nf6+ Ke7
23. Bxf5 gxf5 24. c4 Qxc4 25. Bd2 Nc6 26. Rac1 Qa2 27. Rxc6 Qxd2 28. N4xd5+ Kd8
29. Nc7 Ra7 30. Nxa6 Qa5 31. Rc8+ Kxc8 32. Qc6+ 1-0

[Event "40th Olympiad Women"]
[Site "Istanbul TUR"]
[Date "2012.09.06"]
[Round "9.36"]
[Board "2"]
[White "Silva, Natalia"]
[Black "Hagesaether, Ellen"]
[Result "1-0"]
[BlackTitle "WIM"]
[WhiteElo "1918"]
[BlackElo "2230"]
[WhiteTeam "Uruguay"]
[BlackTeam "Norway"]
[WhiteFideId "3000575"]
[BlackFideId "1501909"]
[EventDate "2012.08.28"]

1. f4 d5 2. Nf3 Nc6 3. d4 Bg4 4. e3 e6 5. Be2 Bd6 6. Nc3 Nh6 7. O-O Nf5 8. Bd2
h6 9. Ne5 Bxe2 10. Qxe2 Bxe5 11. fxe5 h5 12. Nd1 a6 13. c3 Nce7 14. Nf2 c5 15.
Nd3 c4 16. Nf4 g6 17. b3 Qc7 18. bxc4 dxc4 19. Rab1 b5 20. Qf3 Rd8 21. e4 Ng7
22. Nh3 Nc6 23. Bg5 Rd7 24. Bf6 Rg8 25. Qf4 Nxd4 26. cxd4 Rxd4 27. Rfd1 Rd3 28.
Nf2 Qb6 29. Rxd3 cxd3 30. Qd2 Qd4 31. Qxd3 Qxd3 32. Nxd3 Kd7 33. Nc5+ Kc6 34.
Nxa6 Ne8 35. Be7 Kb6 36. Nc5 Nc7 37. a4 Ra8 38. axb5 Nxb5 39. Nd3 Ra4 40. Nf2
Kc6 41. g3 Nd4 42. Bd6 Rc4 43. Rb2 g5 44. Kg2 g4 45. Rb8 Ra4 46. Rc8+ Kb5 47.
Rc7 Nf3 48. Rxf7 Ra1 49. Rxf3 gxf3+ 50. Kxf3 Kc6 51. h3 Rf1 52. Be7 Kd7 53. Bg5
Ke8 54. Ke2 Rg1 55. Bf4 Kf7 56. Nd3 Rh1 57. Nf2 Ra1 58. Kf3 Rf1 59. Be3 Kg6 60.
g4 hxg4+ 61. hxg4 Kf7 62. Kf4 Kg6 63. Kg3 Re1 64. Bf4 Rg1+ 65. Kh4 Re1 66. Kg3
Rg1+ 67. Kf3 Rf1 68. Ke2 Rg1 69. Kd3 Kf7 70. Kd4 Rg2 71. Be3 Rg3 72. Bd2 Kg6 73.
g5 Kf7 74. Nd3 Rg2 75. Be3 Rg3 76. Nb4 Rg2 77. Nc6 Rb2 78. Kd3 Ke8 79. Nd4 Ke7
80. Nc2 Rb5 81. Bd4 Rb3+ 82. Ke2 Rg3 83. Be3 Rg2+ 84. Kd3 Kd7 85. Nd4 Rb2 86.
Bd2 Rb1 87. Ne2 Rb8 88. Ke3 Ke7 89. Kf4 Rb2 90. Ke3 Kf7 91. Nf4 Rb3+ 92. Kd4 Rg3
93. g6+ Ke7 94. Bb4+ Ke8 95. Nxe6 Rxg6 96. Kd5 Rg1 97. Nc7+ Kd7 98. Nb5 Rg6 99.
Nd4 Rg5 100. Nf5 Rg6 101. Bd6 Rg1 102. e6+ Kd8 103. e7+ Kd7 104. Ke5 Rg6 105.
Kd5 Rg5 106. Kd4 Rg8 107. e5 Rg4+ 108. Kd5 Rg6 109. Nd4 Rg1 110. Nf3 Rg4 111.
Nd2 Ra4 112. Ne4 Ra5+ 113. Kd4 Ra4+ 114. Ke3 1-0

[Event "40th Olympiad Women"]
[Site "Istanbul TUR"]
[Date "2012.09.06"]
[Round "9.36"]
[Board "3"]
[White "Sahl, Sheila Barth"]
[Black "de Leon, Patricia"]
[Result "1-0"]
[WhiteTitle "WIM"]
[WhiteElo "2235"]
[BlackElo "1841"]
[WhiteTeam "Norway"]
[BlackTeam "Uruguay"]
[WhiteFideId "1500953"]
[BlackFideId "3000273"]
[EventDate "2012.08.28"]

1. e4 e6 2. d4 d5 3. Nd2 Nf6 4. e5 Nfd7 5. Bd3 c5 6. c3 Nc6 7. Ne2 cxd4 8. cxd4
f6 9. exf6 Nxf6 10. Nf3 Qc7 11. O-O Bd6 12. g3 O-O 13. Bf4 Bd7 14. Rc1 Bxf4 15.
Nxf4 Qb6 16. b3 Rae8 17. Re1 Re7 18. Bb1 Rfe8 19. Qd3 Nb4 20. Qe3 Nc6 21. Nd3
Ng4 22. Qf4 Nh6 23. Nde5 Nxe5 24. Qxe5 Rf8 25. Ng5 Nf5 26. Rcd1 h6 27. Nh3 Ref7
28. Nf4 Rf6 29. Rd2 Nh4 30. Qe3 g5 31. Qd3 Nf5 32. Nh5 R6f7 33. g4 Nh4 34. f4
gxf4 35. Rf1 Bb5 36. Qh3 Bxf1 37. Qxh4 Bb5 38. g5 Qd8 39. Rg2 Kh8 40. Nxf4 Rf6
41. gxf6 1-0

[Event "40th Olympiad Women"]
[Site "Istanbul TUR"]
[Date "2012.09.06"]
[Round "9.36"]
[Board "4"]
[White "de San Vicente, Sabrina"]
[Black "Hansen, Erle Andrea Marki"]
[Result "1/2-1/2"]
[WhiteElo "1730"]
[BlackElo "1861"]
[WhiteTeam "Uruguay"]
[BlackTeam "Norway"]
[WhiteFideId "3003973"]
[BlackFideId "1508229"]
[EventDate "2012.08.28"]

1. d4 Nf6 2. c4 g6 3. Nc3 Bg7 4. e4 d6 5. f3 O-O 6. Be3 Nc6 7. Nge2 a6 8. Qd2
Na5 9. b3 b5 10. cxb5 axb5 11. Rc1 c6 12. Nd1 Nd7 13. Nf2 Nb6 14. g3 Bd7 15. Bg2
Ra7 16. O-O Qa8 17. Rc2 Rc8 18. Rfc1 Rac7 19. Nd3 Nb7 20. f4 Qa3 21. e5 d5 22.
Nb4 e6 23. Nd3 Bf8 24. Bf1 Ra8 25. Nc3 Rcc8 26. Ne2 Kh8 27. Bf2 Be7 28. Nc5 Nd8
29. Nxd7 Nxd7 30. Be3 Nb6 31. Rb1 Bb4 32. Qc1 Qa7 33. Bd2 Ba3 34. Qd1 c5 35. Be3
c4 36. bxc4 Nxc4 37. Bf2 Rcb8 38. Nc3 Qd7 39. Bxc4 bxc4 40. Rxb8 Rxb8 41. Nb1
Be7 1/2-1/2